Music Quiz

Random Music or Kpop Quiz

Odd Song Out: Kpop Quiz Stats

 Plays Quiz Updated Jun 26, 2017

Challenge
Share
Tweet
Embed
Score 0/50 Timer 10:00
54 Plays Today
Question Answer Wrong Answers
I.O.I Cheer Up
74.7%
Very Very Very
3.5%
Whatta Man
3.9%
Dream Girls
6.1%
BTS Playboy
74.6%
Spring Day
2.2%
War Of Hormone
2.9%
Let Me Know
9.1%
EXO Crooked
73.2%
Lucky One
2.4%
El Dorado
9.9%
Mama
3%
GOT7 Danger
71.8%
Girls Girls Girls
4.2%
Confession Song
9.6%
Fly
2.7%
f(x) Russian Roulette
71%
Red Light
2.8%
Nu ABO
5.9%
Dracula
8.4%
Sistar Marionette
67%
I Like That
5.2%
Give It To Me
8.1%
Alone
7.2%
GFriend Destiny
67%
Rough
5.2%
Glass Bead
9.3%
Navillera
6.2%
4Minute I Love You
65.2%
Crazy
3.5%
What's Your Name
14.2%
Hate
4.9%
AOA Hot Pink
64.6%
Mini Skirt
4.2%
Excuse Me
5.5%
Bing Bing
13.4%
2NE1 The Boys
64.2%
Fire
11.8%
Lonely
5.2%
I Love You
6.6%
Monsta X Fantasy
63.3%
Stuck
11.7%
Hero
4.3%
Rush
8.6%
Red Velvet Knock Knock
62.8%
Rookie
3%
Dumb Dumb
2.8%
Oh Boy
19.9%
Seventeen What U
62.6%
Highlight
15.2%
Boom Boom
6.6%
Adore U
3.8%
Infinite Apology
62%
The Eye
7.9%
Bad
4.8%
Back
12.9%
NCT (U, 127, Dream) Highlight
61%
Switch
15.8%
Chewing Gum
4.3%
Without You
6.8%
EXID Kiss Kiss
60.9%
Every Night
13.8%
L.I.E
6.3%
Ah Yeah
6.4%
Big Bang Say Goodbye
60.3%
Lies
16.1%
Sober
5.7%
Last Dance
6.1%
Twice Wonderland
58.7%
Cheer Up
2.5%
Knock Knock
3%
I Wanna Be A Star
24.1%
Wonder Girls Mister
57.6%
Tell Me
9.2%
Why So Lonely
7.8%
I Feel You
12.5%
BTOB Stalker
56%
I'll Be Your Man
7.7%
Remember That
13.5%
WOW
10.1%
Girls Generation Volume Up
53.9%
You Think
6.6%
Run Devil Run
6%
Galaxy Supernova
21.3%
Day6 Take Me Now
53.4%
I Wait
10.6%
Congratulations
10.8%
Letting Go
12.6%
iKON Mine
52.9%
Rhythm Ta
4.2%
#WYD
16.1%
Airplane
14.3%
T-ARA White Night
52.1%
Roly Poly
10.2%
Sugar Free
7.8%
Number 9
16.8%
CLC We
52%
Pepe
12.3%
Hobgoblin
6.1%
High Heels
16.9%
Block B Warrior
50.7%
Yesterday
8.5%
Toy
8.1%
Freeze
20.1%
SHINee Be Mine
50.2%
Odd Eye
21.7%
Tell Me What To Do
7.9%
1 of 1
8.3%
Hello Venus Heart Attack
50%
I'm Ill
17.8%
Wiggle Wiggle
10.5%
Mysterious
8.5%
Girls Day I Like You
49.9%
Something
7.2%
Female President
18%
Darling
11.9%
NU'EST Rocking
49.7%
Love Paint
11.3%
I'm Bad
17.4%
Face
8.7%
CNBLUE Severely
49.6%
I'm A Loner
11.9%
Cinderella
12.6%
Can't Stop
12.8%
Oh My Girl Pit-a-Pat
49.6%
Windy Day
12.2%
Liar Liar
9.2%
Closer
15.9%
Miss A Chase Me
49.5%
Love Song
15.5%
Only You
7.5%
Touch
14.5%
UP10TION Roar
48.6%
So Dangerous
10.3%
Attention
9.1%
Catch Me
18.9%
KARA Cry Cry
48.3%
Mister
13.3%
Mamma Mia
13%
Cupid
12.5%
Lovelyz Mr Potter
48.1%
Destiny
12.3%
A-choo
11.4%
For You
15.2%
MAMAMOO Cushion
47.3%
Piano Man
10.4%
Ahh Oop!
21.2%
Um Oh Ah Yeah
8.3%
TVXQ Devil
47%
Rise As One
12.9%
Something
15.9%
Catch Me
11.3%
Apink Dear You
46.5%
Remember
11.8%
Luv
10.5%
Only One
18.1%
VIXX The Chaser
45.5%
On And On
23.9%
Error
8%
Eternity
10.1%
BAP Beautiful Night
44.6%
Skydive
11%
One Shot
8.4%
Rain Sound
23%
B1A4 Dream Girl
44.5%
Solo Day
10.6%
A Lie
16.2%
Lonely
15.5%
WJSN On The Road
44.5%
Secret
10.6%
Mo Mo Mo
22.3%
I Wish
9.3%
F.T. Island I Wait
41.6%
Severely
14.1%
Take Me Now
17.8%
Pray
13.1%
Crayon Pop Shangai Romance
37.8%
FM
16.1%
Bar Bar Bar
5.9%
Dancing Queen
27.2%
WINNER Apology
37.3%
Color Ring
14.6%
Pricked
19.5%
Don't Flirt
15.6%
Fiestar Love Options
31.3%
You're Pitiful
17.7%
One More
17.1%
Mirror
20.1%
History Left Out
28.9%
Dreamer
20.7%
Psycho
19.1%
Might Just Die
17.6%
Stellar I'm In Love
27.9%
Study
33.7%
Vibrato
14%
Sting
11%
Davichi Why Not
21.2%
Beside Me
11.2%
Turtle
22.4%
8282
31.5%

You're not logged in!

Compare scores with friends on all Sporcle quizzes.
Join for Free
OR
Log In

You Might Also Like...

Show Comments

Extras

Top Quizzes Today


Score Distribution

Your Account Isn't Verified!

In order to create a playlist on Sporcle, you need to verify the email address you used during registration. Go to your Sporcle Settings to finish the process.

Report this User

Report this user for behavior that violates our Community Guidelines.

Details: